书目信息 |
| 书名: | The art of writing reasonable organic reaction mechanisms = | |
| 作者: | Robert B. Grossman. | |
| 分册号: | ||
| 分册名: | 出版地: | 北京 : |
|
| 出版社: | 科学出版社 | |
| 出版时间: | 2012. | |
| 页数: | xvi, 355 p. : | |
| 开本: | 24 cm. | |
| 丛书名: | ||
| 中图分类号: | ||
| 科图分类号: | ||
| 其他分类号: | O621.25 | |
| 主题词: | ||
| 电子资源: | ||
| 000 | 00966cam 2200277 a 450 | |
| 001 | CAL 022012053337 | |
| 003 | CAL | |
| 005 | 20121006181629.1 | |
| 008 | 120315r20122003cc a b 001 0 eng d | |
| 020 | @a9787030333018@cCNY80.00 | |
| 040 | @aBUA@cBUA@dSCT | |
| 050 | 4 | @aQD502.5@b.G76 2003 |
| 082 | 04 | @a547/.139@221 |
| 093 | @aO621.25@24 | |
| 099 | @aO621.25/G878=2@dO621.25 | |
| 100 | 1 | @aGrossman, Robert B.,@d1964- |
| 245 | 14 | @aThe art of writing reasonable organic reaction mechanisms =@b有机反应机理的书写艺术 /@cRobert B. Grossman. |
| 246 | 31 | @a有机反应机理的书写艺术 |
| 250 | @a2nd ed. | |
| 260 | @a北京 :@b科学出版社,@c2012. | |
| 300 | @axvi, 355 p. :@bill. ;@c24 cm. | |
| 490 | 0 | @a国外化学经典教材系列 (影印版) ;@v2 |
| 504 | @aIncludes bibliographical references and index. | |
| 534 | @pReprint. Originally published:@cNew York : Springer, c2003.@z0387954686. | |
| 650 | 0 | @aOrganic reaction mechanisms. |
| 905 | @a河南城建学院图书馆@dO621.25@eG878=2 | |
| The art of writing reasonable organic reaction mechanisms = : 有机反应机理的书写艺术 / / Robert B. Grossman.-2nd ed.-北京 : : 科学出版社, , 2012. |
| xvi, 355 p. : : ill. ; ; 24 cm.- (国外化学经典教材系列 (影印版) ; 2) |
| Includes bibliographical references and index. |
| ISBN 9787030333018CNY80.00 |
| ● |
| 相关链接 |
|
|
|
正题名:art of writing reasonable organic reacti
索取号:O621.25
 
预约/预借
| 序号 | 登录号 | 条形码 | 馆藏地/架位号 | 状态 | 备注 |
| 1 | 15594 | 300155944 | 自科库401/401自科库 63排4列3层/ [索取号:O621.25/] | 在馆 | |
| 2 | 15595 | 300155953 | 自科库401/401自科库 63排4列3层/ [索取号:O621.25/] | 在馆 | |
| 3 | 15596 | 300155962 | 自科库401/401自科库 63排4列3层/ [索取号:O621.25/] | 在馆 |